Математика. Основной курс, Учебное пособие
| 1. autor: | |
|---|---|
| Kolejni autorzy: | |
| Streszczenie: | Книга находится в премиум-версии платформы «Русский как иностранный». Знакомит иностранных учащихся с языком математики. Содержит адаптированные тексты, лексико-грамматический материал и задания, позволяющие студентам-иностранцам усвоить терминологическую лексику и основные задачи курса математики. Предназначено для студентов-иностранцев, проходящих предвузовскую подготовку. Гарантированный срок размещения на платформе до 18.01.2029 (автопролонгация) |
| Wydane: |
Тамбов, Тамбовский государственный технический университет, ЭБС АСВ, 2015
|
| Wydanie: | Математика. Основной курс |
| Hasła przedmiotowe: | |
| Dostęp online: | Перейти к просмотру издания |
| Format: | MixedMaterials Elektroniczne |
MARC
| LEADER | 00000 a2200000 4500 | ||
|---|---|---|---|
| 001 | RU/ROS-EDU.RU/63859 | ||
| 856 | 4 | |u https://www.ros-edu.ru/book?id=63859 |z Перейти к просмотру издания | |
| 010 | |a 978-5-8265-1412-2 | ||
| 205 | |a Математика. Основной курс |b 2029-01-18 | ||
| 333 | |a Гарантированный срок размещения на платформе до 18.01.2029 (автопролонгация) | ||
| 100 | |a 20150101d2015 |||y0rusy0250 |s 2029-01-18 | ||
| 105 | |a y z 000zy | ||
| 101 | 0 | |a rus | |
| 102 | |a RU | ||
| 200 | 1 | |a Математика. Основной курс |b Электронный ресурс |e Учебное пособие |f Е. В. Степаненко, И. Т. Степаненко | |
| 700 | 1 | |b Е. В. |a Степаненко |4 070 | |
| 701 | 1 | |b И. Т. |a Степаненко |4 070 | |
| 330 | |a Знакомит иностранных учащихся с языком математики. Содержит адаптированные тексты, лексико-грамматический материал и задания, позволяющие студентам-иностранцам усвоить терминологическую лексику и основные задачи курса математики. Предназначено для студентов-иностранцев, проходящих предвузовскую подготовку. | ||
| 210 | |a Тамбов |c Тамбовский государственный технический университет, ЭБС АСВ |d 2015 | ||
| 610 | 1 | |a математика | |
| 610 | 1 | |a предвузовская подготовка | |
| 610 | 1 | |a иностранный учащийся | |
| 610 | 1 | |a геометрия | |
| 610 | 1 | |a векторная алгебра | |
| 610 | 1 | |a алгебраическая дробь | |
| 610 | 1 | |a иррациональное выражение | |
| 610 | 1 | |a алгебраическое уравнение | |
| 610 | 1 | |a числовая последовательность | |
| 610 | 1 | |a логарифмирование | |
| 675 | |a 512.1 | ||
| 686 | |a 22.1 |2 rubbk | ||
| 300 | |a Книга находится в премиум-версии платформы «Русский как иностранный». | ||
| 215 | |a 252 с. | ||